Statistics for Amy Ryan Filmography

Click here to take the quiz!

General Stats

  • This quiz has been taken 5 times
    (2 since last reset)
  • The average score is 6 of 99

Answer Stats

TypeYearName% Correct
Web Series2021-2022Only Murders in the Building
100%
Film2023Beau Is Afraid
50%
Film2018Beautiful Boy
50%
Film2005Capote
50%
Film2007Gone Baby Gone
50%
TV Show1993, 2006Law & Order
50%
TV Show2000Law & Order: Special Victims Unit
50%
Web Series2024Sugar
50%
TV Show2008-2011The Office
50%
TV Show2003-2008The Wire
50%
Film2024Wolfs
50%
TV Show2001-2002100 Centre Street
0%
Film2017Abundant Acreage Available
0%
Documentary Series2006American Experience
0%
Short Film2000A Pork Chop for Larry
0%
Theater1997-1998As Bees in Honey Drown
0%
TV Show1990As the World Turns
0%
Theater2004-2005A Streetcar Named Desire
0%
TV Mini-Series1998A Will of Their Own
0%
Film2007Before the Devil Knows You're Dead
0%
Theater1986-1987Biloxi Blues
0%
Film2014Birdman or (The Unexpected Virtue of Ignorance)
0%
Film2013Breathe In
0%
Film2015Bridge of Spies
0%
TV Show2015, 2017Broad City
0%
TV Show1991Brooklyn Bridge
0%
Film2016Central Intelligence
0%
Film2008Changeling
0%
Documentary2007Chicago 10
0%
TV Show1998Chicago Hope
0%
TV Film2013Clear History
0%
Theater2001Crimes of the Heart
0%
Film2007Dan in Real Life
0%
Theater2012Detroit
0%
Film2013Devil's Knot
0%
Film2015Don Verdean
0%
Theater2024Doubt, a Parable
0%
Theater2003Dublin Carol
0%
TV Show1995ER
0%
Film2013Escape Plan
0%
Short Film2007Forward
0%
Theater1999Galileo
0%
Film2015Goosebumps
0%
Film2010Green Zone
0%
TV Show2016, 2019High Maintenance
0%
TV Show1992Home Improvement
0%
TV Show1999Homicide: Life on the Street
0%
Theater1997Hysterical Blindness
0%
TV Mini-Series2020I'll Be Gone in the Dark
0%
TV Show1992I'll Fly Away
0%
Documentary Series2008Independent Lens
0%
TV Film1992In the Deep Woods
0%
TV Show2010In Treatment
0%
Film2010Jack Goes Boating
0%
Film2004Keane
0%
TV Show2006, 2007Kidnapped
0%
Film2019Late Night
0%
TV Show2003, 2007Law & Order: Criminal Intent
0%
Film2005Looking for Comedy in the Muslim World
0%
Film2020Lost Girls
0%
Film2015Louder Than Bombs
0%
Theater2016Love, Love, Love
0%
Theater1997Marking
0%
Film2006Marvelous
0%
Film2016Monster Trucks
0%
TV Film2007M.O.N.Y.
0%
Theater2018-2019Nassim
0%
Film2007Neal Cassady
0%
Commercial2016Neulasta
0%
Theater2005On the Mountain
0%
Film2023Passing Through
0%
TV Show1991Quantum Leap
0%
Theater2006Rabbit Hole
0%
Film1999Roberta
0%
TV Show2018Robot Chicken
0%
Theater2001Saved
0%
TV Show2013Sesame Street
0%
Short Film2006Shiner
0%
TV Show1995Sirens
0%
Film2019Strange but True
0%
Theater2006The 24 Hour Plays 2006
0%
Theater1999The Author's Voice / Imagining Brad
0%
Theater2002The Distance from Here
0%
Theater1990-1991The Heidi Chronicles
0%
Film2016The Infiltrator
0%
Film2009The Missing Person
0%
TV Show1995-1996The Naked Truth
0%
Theater1996The Ride Down Mount Morgan
0%
Theater1988The Rimers of Eldritch
0%
Theater1993-1994The Sisters Rosensweig
0%
Theater1997The Three Sisters
0%
Theater2001-2002The Women
0%
TV Show2004Third Watch
0%
Theater2000Uncle Vanya
0%
Film2005War of the Worlds
0%
Film2011Win Win
0%
Theater1992Woman in Mind
0%
Film2020Worth
0%
Film2000You Can Count on Me
0%

Score Distribution

Percentile by Number Answered

Percent of People with Each Score

Your Score History

You have not taken this quiz since the last reset